Validación del método de análisis para la determinación del desplazamiento isotópico del carbono 13 en muestras de suelos y materia vegetal, por medio del sistema horno de combustión acoplado a espectrómetro de cavidad de decaimiento Picarro G2201i.

Uloženo v:
Podrobná bibliografie
Hlavní autor: Medrano Zeledón, Joshua Andrés, 1996
Další autoři: Pérez Castillo, Ana Gabriela Directora del TFG
Médium: Kniha
Jazyk:Spanish
Vydáno: San José, Costa Rica 2022
Témata:
Tagy: Přidat tag
Žádné tagy, Buďte první, kdo vytvoří štítek k tomuto záznamu!

MARC

LEADER 00000nam a2200000Ia 4500
003 013586
005 20230414073848.0
008 140114s2022 cr a 000 ||spa d
040 |c cru CEDI 
100 |a Medrano Zeledón, Joshua Andrés, 1996  |9 420 
245 |a Validación del método de análisis para la determinación del desplazamiento isotópico del carbono 13 en muestras de suelos y materia vegetal, por medio del sistema horno de combustión acoplado a espectrómetro de cavidad de decaimiento Picarro G2201i. 
260 |a San José, Costa Rica  |c 2022 
500 |a Proyecto de graduación (licenciatura en ingeniería química)--Universidad de Costa Rica. Facultad de Ingeniería. Escuela de Ingeniería Química 
501 |a Directora de Proyecto de Graduación: M.Sc. Ana Gabriela Pérez Castillo 
650 |x ISOTOPOS DEL CARBONO   |x ISOTOPOS DEL CARBONO - ANALISIS QUIMICO   |x ESPECTROMETROS  |x ANALISIS DE SUELOS   |x QUIMICA ANALITICA 
700 |9 421  |a Pérez Castillo, Ana Gabriela  |d Directora del TFG 
942 |c CEDI  |h TFG 8737  |6 TFG_8737_000000000000000 
999 |c 22089  |d 22089